LEADER 00764nab a2200145 i 4500 001 000000290027 003 CaOOAMICUS 005 20161114000000.0 008 161114n xx uu u0 0und r 013 $a44827 040 $aSeMil$bita 245 10$a"That Most Difficult of Theologians" (Karl Barth) :$bthe Place of Theology in Albert Schweitzer's Life ; Premature Triumphalism in Corinth. - Titoli principali dalla copertina. 500 $aDECEMBER 2016. 773 0 $t[October 2016-September 2017].$dLondon : SAGE Publications, copyr. 2016-2017.$w()251265 996 $6245$a"That Most Difficult of Theologians" (Karl Barth) :$bthe Place of Theology in Albert Schweitzer's Life ; Premature Triumphalism in Corinth. - Titoli principali dalla copertina.$9(OLS)http://semarc/title/368897 LEADER 00714nab a2200145 i 4500 001 000000289053 003 CaOOAMICUS 005 20160526000000.0 008 160526n xx uu u0 0und r 013 $a43605 040 $aSeMil$bita 245 10$aCharacter Reconstruction in the New Testament [part] 2 :$bThe Practice ; The Crucifixion Scene as the Climax of Lukan Inclusivity. - Titoli da copertina. 500 $aJUNE 2016. 773 0 $t[October 2015-September 2016].$dLondon : SAGE Publications, copyr. 2015-2016.$w()245178 996 $6245$aCharacter Reconstruction in the New Testament [part] 2 :$bThe Practice ; The Crucifixion Scene as the Climax of Lukan Inclusivity. - Titoli da copertina.$9(OLS)http://semarc/title/368483